Search Results
Showing Item 1 of 18
Available copies
- 1 of 1 copy available at Headquarters.
Current holds
0 current holds with 1 total copy.
| Location | Call Number / Copy Notes | Barcode | Shelving Location | Status | Due Date |
|---|---|---|---|---|---|
| Accra Central Library | 201 J741.5/SUP | 000000621021 | 700 - Arts, How to Draw, Cartooning, Graphic Novels, Crafts, Music, Sports - CHN | Available | - |
Record details
- ISBN: 9781912564668
- Physical Description: Paperback.
- Publisher: Torquay: Centum Books 2018.
Search for related items by subject
| Subject: | Comic |
| LDR | 00620cam a2200205Ka 4500 | ||
|---|---|---|---|
| 001 | 3060 | ||
| 003 | HQ | ||
| 005 | 20200514152006.0 | ||
| 008 | 070101s xxkc br 0 eng d | ||
| 020 | . | ‡a9781912564668 | |
| 037 | . | ‡aBook Aid | |
| 082 | . | ‡aJ741.5/SUP | |
| 100 | . | ‡aCentum Books Ltd | |
| 245 | . | ‡aSuper Heroes:Faster Than Lightning | |
| 260 | . | ‡aTorquay: ‡bCentum Books ‡c2018. | |
| 300 | . | ‡aPaperback. | |
| 650 | . | ‡aComic | |
| 901 | . | ‡a3060 ‡bAUTOGEN ‡c3060 ‡tbiblio | |
Search Results
Showing Item 1 of 18

Add to basket
Permalink
Disable Highlighting